Estatísticas para Países com elevada biodiversidade

Clique aqui para jogar o quiz

Estatísticas Gerais

  • Esse quiz foi jogado 170 vezes
    (55 desde o último reset)
  • A pontuação média é 20 de 28

Estatísticas das Respostas

Resposta% Correto
Brasil
100%
Colômbia
94%
Austrália
92%
China
92%
Argentina
90%
Rússia
90%
México
88%
Peru
88%
África do Sul
83%
Índia
83%
Venezuela
83%
Bolívia
81%
Equador
81%
Indonésia
75%
Congo (República Democrática)
67%
Tailândia
60%
Costa Rica
58%
Vietname
58%
Madagáscar
56%
Filipinas
54%
Panamá
54%
Tanzânia
54%
Malásia
52%
Estados Unidos
50%
Quénia
48%
Guatemala
46%
Papua Nova Guiné
46%
Birmânia (Mianmar)
27%

Distribuição das Pontuações

Percentil de Números Respondidos

Porcentagem de Pessoas com Cada Pontuação

Sua Pontuação Histórica

Você não jogou esse quiz desde o último reset